Hutnícke výrobky a náhradné diely pre jadrové zariadenia požiadavky

Bibliographic Details
Main Author: Vrbenský, Jozef (Author)
Format: Book
Language:Slovak
PhysicalDescription:35 s. sch., tab. 30 cm
Published: Bratislava Úrad jadrového dozoru Slovenskej republiky 2004
ISBN:8088806291
Edition:1. vyd.
Series:Bezpečnosť jadrových zariadení 1/2004
Subjects:

MARC

LEADER 00000cam a2200000 a 4500
001 vtls001470885
003 SK-MaSNL
005 20260302073457.0
008 251113s2004 xo a g 000 0 slo
015 |a SNBA2004/05-01993 
020 |a 8088806291  |q (brož.) 
035 |a SNK000426189 
035 |a urn:nbn:sk:snk-amtidj 
035 |a urn:nbn:sk:snk-am00c53a 
035 |a 826F0B19-90C8-4607-A716-24813D8F5664 
040 |a SNK  |b slo  |c SNK  |e AACR2 
041 0 |a slo 
044 |a xo  |c SK 
072 7 |a 621.039 Jadrová technika  |2 konspekt 
080 |a 621.039.4/.6  |2 1981 
080 |a 669.1  |2 1981 
080 |a 621.039-027.45  |2 1981 
080 |a 006.7/.8  |2 1981 
080 |a (083)  |2 1981 
080 |a (041)  |2 1981 
100 1 |a Vrbenský, Jozef  |4 aut  |9 295296 
245 1 |a Hutnícke výrobky a náhradné diely pre jadrové zariadenia  |b požiadavky  |c [spracovateľ: Jozef Vrbenský] 
250 |a 1. vyd. 
260 |a Bratislava  |b Úrad jadrového dozoru Slovenskej republiky  |c 2004 
300 |a 35 s.  |b sch., tab.  |c 30 cm 
490 1 |a Bezpečnosť jadrových zariadení  |v 1/2004 
500 |a Účelová publikácia 
504 |a Obsahuje bibliografiu 
546 |a Res. angl. 
650 0 7 |a jadrové zariadenia  |2 SNKPH  |9 67167 
650 0 7 |a hutnícke výrobky  |2 SNKPH  |9 69109 
650 0 7 |a jadrová bezpečnosť  |2 SNKPH  |9 68262 
650 0 7 |a technické normy a štandardy  |2 SNKPH  |9 69944 
655 7 |a príručky  |2 SNKPH  |9 74364 
810 1 |a Slovensko.  |b Úrad jadrového dozoru  |t Bezpečnosť jadrových zariadení  |9 341890 
919 |a 80-88806-29-1 
958 |a OND 
968 |d 62 
999 |c 1161008  |d 1162938 
952 |t P60, <03>, [BOOK], {603}  |a SNK  |b SNK  |y PREZ  |7 0  |p 17A0420006  |o snkSB 68217  |i snkKSP 3859/2004  |0 0  |1 0  |4 0  |d 2004-03-15  |f 1  |l 0  |r 2025-04-22 00:00:00  |w 2026-02-24 
952 |t P60, <04>, [BOOK], {604}  |a SNK  |b SNK  |y VYP  |7 0  |p 17A0420007  |o snkSB 68217 D1  |i snkKSP 3860/2004  |0 0  |1 0  |4 0  |d 2004-03-15  |l 0  |r 2005-01-02 00:00:00  |w 2026-02-24